Female age at marriage: an analysis of the 1991 census data (Record no. 491533)

000 -LEADER
fixed length control field 00457cam a22001457a 4500
008 - FIXED-LENGTH DATA ELEMENTS--GENERAL INFORMATION
fixed length control field 180718b2001 xxu||||| |||| 00| 0 eng d
082 ## - DEWEY DECIMAL CLASSIFICATION NUMBER
Classification number A81x54 91F
100 ## - MAIN ENTRY--PERSONAL NAME
Personal name Census of India 1991
245 ## - TITLE STATEMENT
Title Female age at marriage: an analysis of the 1991 census data
260 ## - PUBLICATION, DISTRIBUTION, ETC.
Place of publication, distribution, etc. New Delhi
Name of publisher, distributor, etc. The Controller of Publication
Date of publication, distribution, etc. 2001
300 ## - PHYSICAL DESCRIPTION
Extent 155+p.
440 ## - SERIES STATEMENT/ADDED ENTRY--TITLE
Title Census of India 1991. Series-1, India
650 ## - SUBJECT ADDED ENTRY--TOPICAL TERM
Topical term or geographic name entry element Marriage age - India
650 ## - SUBJECT ADDED ENTRY--TOPICAL TERM
Topical term or geographic name entry element India - Census
Holdings
Withdrawn status Lost status Damaged status Not for loan Permanent Location Current Location Date acquired Full call number Barcode Date last seen Price effective from Koha item type
        Indian Institute of Public Administration Indian Institute of Public Administration 2018-08-04 A81x54 91F G20027 2018-08-04 2018-08-04 G

Powered by Koha